000 00351nam a22001457a 4500
008 230412b ||||| |||| 00| 0 eng d
020 _a9780323017473
041 _aeng
080 _2FOURTH EDITION
_a159.9
082 _a159.9ZIT
100 _a25
101 _aPSI
245 _aATLAS OF PEDIATRIC PHYSICAL DIAGNOSIS
_cZITELLI.J.B
942 _2udc
_cBK
999 _c59511
_d59511